|
|
|
|
| LEADER |
00000nem a2200000 a 4500 |
| 001 |
vtls010557468 |
| 003 |
SK-MaSNL |
| 005 |
20260301090246.0 |
| 007 |
aj canzn |
| 008 |
131111s2012 xo i a 1 slo |
| 015 |
|
|
|a SNBC2013
|
| 020 |
|
|
|a 9788081440168 (zložené)
|
| 034 |
0 |
|
|a a
|
| 040 |
|
|
|a SNK
|b slo
|c SNK
|e AACR2
|
| 041 |
0 |
|
|a slo
|a eng
|
| 043 |
|
|
|a e-xo---
|
| 044 |
|
|
|a xo
|c SK
|
| 072 |
|
7 |
|a 913(437)
|x Geografia Česka a Slovenska, reálie, cestovanie
|2 konspekt
|
| 072 |
|
7 |
|a 912
|x Mapy. Atlasy
|2 konspekt
|
| 080 |
|
|
|a 913(437.6)
|2 2001
|
| 080 |
|
|
|a (084.3)
|2 2001
|
| 245 |
0 |
0 |
|a Podpoľanie
|h kartografický dokument
|b ručne maľovaná mapa regiónu
|c maľba mapy: Jozef Maár, maľby objektov: Miroslava Kuracinová, Jaroslav Slabej ; grafická úprava a kresba karikatúrneho erbu: Jaroslav Slabej
|
| 246 |
3 |
0 |
|a Ručne maľovaná mapa regiónu Podpoľanie
|
| 250 |
|
|
|a 2. vyd.
|
| 255 |
|
|
|a Mierka neuvedená
|
| 260 |
|
|
|a Banská Bystrica
|b CBS
|c 2012
|
| 300 |
|
|
|a 1 mapa
|b fareb.
|c 49 x 71 cm, zložené na 22 x 12 cm
|
| 366 |
|
|
|e 7000 výt.
|
| 500 |
|
|
|a Spodný okraj mapy je určený na odstrihnutie a použitie ako minipexeso
|
| 500 |
|
|
|a Obsahuje stručný vlastivedný text aj v angl.
|
| 504 |
|
|
|a Register obcí regiónu Podpoľanie a register firiem a organizácií
|
| 651 |
|
7 |
|a Podpoľanie (Slovensko : región)
|2 SNKPH
|9 63474
|
| 655 |
|
7 |
|a mapy
|2 SNKPH
|9 70425
|
| 655 |
|
7 |
|a skladané mapy
|2 SNKPH
|9 304180
|
| 655 |
|
7 |
|a mapy pre verejnosť
|2 SNKPH
|9 304181
|
| 700 |
1 |
|
|a Maár, Jozef
|4 ill
|9 334631
|
| 700 |
1 |
|
|a Kuracinová, Miroslava
|4 ill
|9 335018
|
| 700 |
1 |
|
|a Slabej, Jaroslav,
|d 1974-
|4 bkd
|4 ill
|9 18243
|
| 919 |
|
|
|a 978-80-8144-16-8
|
| 999 |
|
|
|c 667751
|d 669681
|
| 952 |
|
|
|a SNK
|b SNK
|y PREZ
|7 0
|p 17A1092032
|o snkSLCm 3062
|i snk2013/27308
|8 0
|0 0
|1 0
|4 0
|d 2013-11-11
|l 0
|r 2026-02-23 19:15:51
|w 2026-02-23
|
| 952 |
|
|
|a SNK
|b SNK
|y VYP
|7 0
|p 17A1092033
|o snkSLCm 3062 D1
|i snk2013/27310
|8 0
|0 0
|1 0
|4 0
|d 2013-11-11
|l 0
|r 2026-02-23 19:15:51
|w 2026-02-23
|